Úvod do studia dějepisu : Učební texty pro dálkové studium na pedagogických institutech

Main Author: Havránek, Jan, 1928-2003
Language: Czech
Published: Praha : Státní pedagogické nakladatelství, 1961
Edition: 1. vyd.
Series: Učební texty vysokých škol
Book
Saved in:
LEADER 00938nam a22002412a 4500
001 000055966
003 CZ BrMZK
005 20110821203508.0
007 ta
008 950407s1961 xr f cze d
040 |a BOA001  |b cze 
100 1 |a Havránek, Jan,  |d 1928-2003  |7 jk01040428 
245 1 0 |a Úvod do studia dějepisu :  |b Učební texty pro dálkové studium na pedagogických institutech 
250 |a 1. vyd. 
260 |a Praha :  |b Státní pedagogické nakladatelství,  |c 1961 
490 1 |a Učební texty vysokých škol 
830 0 |a Učební texty vysokých škol 
910 |a BOA001  |b PK-N-0005.294  |b 4-0458.418 
920 |a 000095313 
964 |a Dějepis - studium - úvody - učebnice - školy vysoké 
990 |a BK 
996 7 |b 2619983697  |c 4-0458.418  |l MZK  |r Sklad / do 24 hodin  |n 44  |w 000055966  |u 000020  |a 1  |e BOA001  |j MZK50  |s A 
996 7 |b 3119976163  |c PK-N-0005.294  |l MZK  |r Sklad / do 1 hodiny  |n 16  |w 000055966  |u 000010  |a 1  |e BOA001  |j MZK50  |s A